Accommodation code of practice for student housing (Record no. 122135)
[ view plain ]
| 000 -LEADER | |
|---|---|
| fixed length control field | 00952nam a22002177a 4500 |
| 008 - FIXED-LENGTH DATA ELEMENTS--GENERAL INFORMATION | |
| fixed length control field | 250407e20250311xxk|||||o|||| 00| 0 eng d |
| 041 ## - LANGUAGE CODE | |
| Language code of text/sound track or separate title | eng |
| 110 2# - MAIN ENTRY--CORPORATE NAME | |
| Corporate author | Universities UK |
| 245 ## - TITLE STATEMENT | |
| Title | Accommodation code of practice for student housing |
| 260 ## - PUBLICATION INFORMATION | |
| Publisher | Universities UK/GuildHE, |
| Date | 11 March 2025 |
| 300 ## - PHYSICAL DESCRIPTION | |
| Physical description | 50p. |
| 520 ## - ABSTRACT | |
| Abstract | The Code’s purpose is to support its members in the delivery of safe, efficient and sustainable student<br/>accommodation and provide a practical and relevant alternative to licensing under the Housing Act<br/>2004. It achieves this by setting rigorous standards, ensuring compliance and sharing best practice. |
| 650 ## - KEYWORDS | |
| Keywords | HOUSES IN MULTIPLE OCCUPATION |
| 650 ## - KEYWORDS | |
| Keywords | HOUSING ACT 2004 |
| 650 ## - KEYWORDS | |
| Keywords | STUDENT HOUSING |
| 651 ## - SUBJECT ADDED ENTRY--GEOGRAPHIC NAME | |
| Geographic name | United Kingdom |
| 690 ## - BROAD SUBJECT | |
| Broad subject | Landlord and tenant |
| 9 (RLIN) | 6252 |
| 710 2# - ADDED CORPORATE NAME | |
| Added corporate author | Universities UK |
| 856 ## - ONLINE RESOURCE | |
| Uniform Resource Identifier | <a href="https://online.flippingbook.com/view/53156768/">https://online.flippingbook.com/view/53156768/</a> |
| Public note | Read online |
| 942 ## - ADDED ENTRY ELEMENTS (KOHA) | |
| Suppress in OPAC | Do not suppress in OPAC |
| Lost status | Damaged status | Not for loan | Home library | Current library | Shelving location | Date acquired | Total Checkouts | Date last seen | Price effective from | Koha item type |
|---|---|---|---|---|---|---|---|---|---|---|
| Virtual | Virtual | Online | 07/04/2025 | 07/04/2025 | 07/04/2025 | Online material |